Statistics for The highest mountains in Czechia/ nejvyšší hory ČR

Click here to take the quiz!

General Stats

  • This quiz has been taken 11 times
  • The average score is 6 of 10

Answer Stats

Answer% Correct
Praděd
100%
Sněžka
100%
Luční hora
60%
Petrovy kameny
60%
Studniční hora
60%
Violík
60%
Vysoká pláň
40%
Vysoké kolo
40%
Stříbrný hřbet
20%
Vysoká hole
20%

Score Distribution

Percentile by Number Answered

Percent of People with Each Score

Your Score History

You have not taken this quiz